<?xml version="1.0" encoding="UTF-8"?>
<record
    xmlns:xsi="http://www.w3.org/2001/XMLSchema-instance"
    xsi:schemaLocation="http://www.loc.gov/MARC21/slim http://www.loc.gov/standards/marcxml/schema/MARC21slim.xsd"
    xmlns="http://www.loc.gov/MARC21/slim">

  <leader>02114nab a2200265 i 4500</leader>
  <controlfield tag="003">BR-BrBNA</controlfield>
  <controlfield tag="005">20251010192744.0</controlfield>
  <controlfield tag="008">251010b2022    bl.ar|pooa||| 00| 0 eng |</controlfield>
  <datafield tag="040" ind1=" " ind2=" ">
    <subfield code="a">BR-BrBNA</subfield>
    <subfield code="b">eng</subfield>
  </datafield>
  <datafield tag="072" ind1=" " ind2=" ">
    <subfield code="a">F70</subfield>
  </datafield>
  <datafield tag="100" ind1=" " ind2=" ">
    <subfield code="a">Pellegrini, Marco Oct&#xE1;vio de Oliveira </subfield>
  </datafield>
  <datafield tag="100" ind1=" " ind2=" ">
    <subfield code="a">Guarnier, Julia Cristina </subfield>
  </datafield>
  <datafield tag="245" ind1=" " ind2=" ">
    <subfield code="a">Flora of Esp&#xED;rito Santo: Pontederiaceae</subfield>
  </datafield>
  <datafield tag="500" ind1=" " ind2=" ">
    <subfield code="a">Publica&#xE7;&#xE3;o on-line; 22 ref.; 1 illus.; Summaries (En, Pt)</subfield>
  </datafield>
  <datafield tag="520" ind1=" " ind2=" ">
    <subfield code="a">
Abstract

Pontederiaceae is a small family of Monocots, composed of two genera (i.e., Heteranthera and Pontederia) and
ca. 40 species. Two genera and 27 species are accepted for Brazil. In the state of Esp&#xED;rito Santo, Heteranthera
is represented by two species and Pontederia by four species. Its species are exclusively found growing in
aquatic or paludal, perennial or seasonal environments. We present descriptions, comments, and illustrations
for the species.

Key words: aquatic plants, Atlantic Forest, Brazil, Commelinales, pickerelweeds.




Resumo

Pontederiaceae &#xE9; uma pequena fam&#xED;lia de Monocotiled&#xF4;neas, composta por dois g&#xEA;neros (i.e., Heteranthera e Pontederia) 
e ca. 40 esp&#xE9;cies. No Brasil s&#xE3;o registrados dois g&#xEA;neros e 27 esp&#xE9;cies. No estado do Esp&#xED;rito
Santo, Heteranthera &#xE9; representado por duas esp&#xE9;cies e Pontederia por quatro esp&#xE9;cies. As especies
s&#xE3;o encontradas exclusivamente associadas a ambientes aqu&#xE1;ticos e palustres, perenes ou sazonais. N&#xF3;s
apresentamos descri&#xE7;&#xF5;es, coment&#xE1;rios e ilustra&#xE7;&#xF5;es para as esp&#xE9;cies.

Palavras-chave: plantas aqu&#xE1;ticas, Floresta Atl&#xE2;ntica, Brasil, Commelinales, aguap&#xE9;.</subfield>
  </datafield>
  <datafield tag="650" ind1=" " ind2=" ">
    <subfield code="a">PLANTA AQU&#xC1;TICA</subfield>
  </datafield>
  <datafield tag="650" ind1=" " ind2=" ">
    <subfield code="a">FLORESTA ATL&#xC2;NTICA</subfield>
  </datafield>
  <datafield tag="650" ind1=" " ind2=" ">
    <subfield code="a">BRASIL</subfield>
  </datafield>
  <datafield tag="650" ind1=" " ind2=" ">
    <subfield code="a">BARONESA</subfield>
  </datafield>
  <datafield tag="650" ind1=" " ind2=" ">
    <subfield code="a">PONTEDERIACEAE</subfield>
  </datafield>
  <datafield tag="773" ind1="0" ind2=" ">
    <subfield code="0">709</subfield>
    <subfield code="9">357916</subfield>
    <subfield code="d">Rio de Janeiro-RJ Jardim Botanico do Rio de Janeiro 1935</subfield>
    <subfield code="o">2025-5881</subfield>
    <subfield code="t">Rodrigu&#xE9;sia (Brazil)</subfield>
    <subfield code="x">0370-6583; 2175-7860 on-line</subfield>
    <subfield code="g">v. 73 p. 1-11; (2022)</subfield>
    <subfield code="w">BR2025004393</subfield>
  </datafield>
  <datafield tag="856" ind1=" " ind2=" ">
    <subfield code="u">https://www.scielo.br/j/rod/a/xBDBfnrBKHB9fR8qCRQgDkF/?format=pdf&amp;lang=en</subfield>
  </datafield>
  <datafield tag="942" ind1=" " ind2=" ">
    <subfield code="c">ANA</subfield>
  </datafield>
  <datafield tag="999" ind1=" " ind2=" ">
    <subfield code="c">338642</subfield>
    <subfield code="d">338642</subfield>
  </datafield>
</record>
